=LDR 00000nam 2200000 4500 =001 INLIS000000000061951 =005 20230210082242 =035 ##$$a 0010-0223000023 =007 ta =008 230210###########################f#ind## =082 ##$$a 741.5 =084 ##$$a 741.5 EIJ e =245 ##$$a Eiji =260 ##$:$b Rajawali Comic Production =300 ##$$a 192 halaman : $b Ilus. ; $c 18 cm =650 #4$$a Komik - Bacaan =520 ##$$a Yang diterima Vol. 1,2,3,4 =990 ##$$a 00530053 =990 ##$$a 00530053 =990 ##$$a 00530053 =990 ##$$a 00530053